Essentials of the theory of fiction (Record no. 56)

MARC details
000 -LEADER
fixed length control field 00421 a2200169 4500
001 - CONTROL NUMBER
control field 002105
003 - CONTROL NUMBER IDENTIFIER
control field OSt
005 - DATE AND TIME OF LATEST TRANSACTION
control field 20220106104132.0
008 - FIXED-LENGTH DATA ELEMENTS--GENERAL INFORMATION
fixed length control field
082 ## - DEWEY DECIMAL CLASSIFICATION NUMBER
Classification number 809.3
Item number E74E
100 1# - MAIN ENTRY--PERSONAL NAME
Personal name Hoffman, M.J.
245 1# - TITLE STATEMENT
Title Essentials of the theory of fiction
Statement of responsibility, etc by M.J. Hoffman
260 ## - PUBLICATION, DISTRIBUTION, ETC. (IMPRINT)
Place of publication, distribution, etc Edinburgh
Name of publisher, distributor, etc Duke University
Date of publication, distribution, etc 2005
300 ## - PHYSICAL DESCRIPTION
Extent 511p.
653 ## - INDEX TERM--UNCONTROLLED
Uncontrolled term Fiction; English
942 ## - ADDED ENTRY ELEMENTS (KOHA)
Source of classification or shelving scheme Dewey Decimal Classification
Koha item type Books
Holdings
Withdrawn status Lost status Source of classification or shelving scheme Damaged status Not for loan Collection code Home library Current library Date acquired Source of acquisition Cost, normal purchase price Total Checkouts Full call number Barcode Checked out Date last seen Date checked out Price effective from Koha item type
    Dewey Decimal Classification     General Text Book Central University Of Rajasthan Central University Of Rajasthan 28/09/2010 ENG 1360.00 1 809.3 E74E 2097 07/07/2025 08/05/2025 08/05/2025 02/09/2020 Books